000
00248nam a2200097Ia 4500
005
20251222114349.0
008
251222s1900||||xx |||||||||||||| ||spa||
082
_a
DVD0010/H88/2010/BR
245
0
_a
El libro de los secretos:The book of Eli
942
_c
DVD
999
_c
1169
_d
1169